Logo

Description automatically generated
विद्यार्जन
 संसाधन केंद्र, भारतीय प्रौद्योगिकी संस्थान इन्दौर
Learning Resource Center, Indian Institute of Technology Indore

ऑनलाइन सार्वजनिक अभिगम प्रसूची
Online Public Access Catalogue (OPAC)

Wave quest : a technological odyssey (Record no. 50499)

MARC details
000 -LEADER
fixed length control field 00570nam a22001937a 4500
005 - DATE AND TIME OF LATEST TRANSACTION
control field 20220812102531.0
008 - FIXED-LENGTH DATA ELEMENTS--GENERAL INFORMATION
fixed length control field 220812b |||||||| |||| 00| 0 eng d
020 ## - INTERNATIONAL STANDARD BOOK NUMBER
International Standard Book Number 9788190133838
Qualifying information pbk
020 ## - INTERNATIONAL STANDARD BOOK NUMBER
International Standard Book Number 8190133837
Qualifying information pbk
082 ## - DEWEY DECIMAL CLASSIFICATION NUMBER
Classification number 333.9140954
Item number SAT
100 ## - MAIN ENTRY--PERSONAL NAME
Personal name Sathasivam, Kumaran
245 ## - TITLE STATEMENT
Title Wave quest : a technological odyssey
260 ## - PUBLICATION, DISTRIBUTION, ETC.
Place of publication, distribution, etc. Chennai
Name of publisher, distributor, etc. National Institute of Ocean Technology
Date of publication, distribution, etc. 2014
300 ## - PHYSICAL DESCRIPTION
Extent xiii, 90p. ; 21cm.
653 ## - INDEX TERM--UNCONTROLLED
Uncontrolled term Ocean transport energy
653 ## - INDEX TERM--UNCONTROLLED
Uncontrolled term Wave energy to electricity
700 ## - ADDED ENTRY--PERSONAL NAME
Personal name Jayashankar, V.
942 ## - ADDED ENTRY ELEMENTS (KOHA)
Source of classification or shelving scheme Dewey Decimal Classification
Koha item type Book
Holdings
Withdrawn status Lost status Source of classification or shelving scheme Damaged status Not for loan Home library Current library Shelving location Date acquired Total Checkouts Full call number Barcode Date last seen Price effective from Koha item type
    Dewey Decimal Classification     LRC, IIT Indore LRC, IIT Indore 3rd Floor - General Stack 12/08/2022   333.9140954 SAT G1155 12/08/2022 12/08/2022 Gratis Book
Copyright © 2024, 2021, 2017 Indian Institute of Technology Indore. All Rights Reserved.
Managed & maintained by Learning Resource Center, IIT Indore